| 000 | 00729nam a2200205 a 4500 | ||
|---|---|---|---|
| 005 | 20240919064011.0 | ||
| 008 | 991125s1995 mx 000 0 spa u | ||
| 020 | _a968820563X | ||
| 035 | _aUPN01000001767 | ||
| 049 | _aF | ||
| 050 | 4 |
_aJL1245 D _bZ4.243 |
|
| 110 | 1 |
_aMéxico. _bPresidente (1994-2000 : Zedillo Ponce de León) |
|
| 245 | 1 | 0 |
_aAlianza para el fortalecimiento y modernización de la seguridad social / _cErnesto Zedillo. |
| 260 |
_aMéxico : _bPresidencia de la República, _c1995. |
||
| 300 | _a12 p. | ||
| 500 | _a"Los Pinos, 1o. de noviembre de 1995" | ||
| 600 | 1 | 4 |
_aINSTITUTO MEXICANO DEL SEGURO SOCIAL _926726 |
| 610 | 1 | 2 |
_aMéxico. _bPresidente (1994-2000 : Zedillo Ponce de León) _928101 |
| 905 | _aLibro | ||
| 999 |
_c1767 _d1767 |
||